00273nam a2200097Ia 4500008004000000082001700040100001800057245004100075260004600116300001300162210210b1988 xxu||||| |||| 00| 0 eng d a338.954 BHAI aBHATIA (H L). aIndian economy: issues and policies. aNDbVikas Publishing House Pvt Ltd.c1988 axiii,751